000 02557nam0a2200385 4500
001 RU\NLR\BIBL_A\011540689
005 20250630155416.0
010 _a978-5-7422-5780-6
_9100
021 _aRU
_b2017-83631
_95968
035 _a(NLR Aleph) 011540689
035 _a(RuMoRGB)009445013
090 _a12193410
_c12193410
100 _a20171128d2017 |||y0rusy50 ca
101 0 _arus
_aeng
102 _aRU
105 _ay z 100zy
200 1 _aНовое направление в ландшафтной архитектуре (дизайн, планирование и управление)
_eThree pillars of landscape architecture: design, planning and management. New visions
_eсборник трудов международной конференции ["Ландшафтный дизайн города"], Санкт-Петербург, 7-8 июня 2017 года
_fSaint-Petersburg state forest technical university, City of Saint-Petersburg, Swedish university of agricultural sciences, Uppsala, Sweden
_g[редакторы: Мария Игнатьева, Ирина Мельничук]
_zeng
210 _aSaint-Petersburg
_cPolitechnic university publishing house
_d2017
215 _a191 с.
_d29
300 _aТекст рус., англ.
510 1 _aThree pillars of landscape architecture: design, planning and management. New visions
_zeng
606 1 _aСадово-парковая архитектура
_jСъезды, совещания и т.п
_91023214
_3RU\NLR\AUTH\6673621
606 1 _aГорода
_jСъезды, совещания и т.п
_xОзеленение
_9934672
_3RU\NLR\AUTH\6626197
686 1 _aЩ118.72я431
686 1 _aП271.1я431(0)
702 1 _4340
_7ca
_8rus
_aИгнатьева
_bМ. Е.
_cканд. биол. наук, ландшафт. архитектор
_gМария Евгеньевна
_9153802
_3RU\NLR\AUTH\770153840
702 1 _aМельничук
_bИ. А.
_gИрина Альбертовна
_4340
711 1 2 _a"Ландшафтный дизайн города", международная конференция
_eСанкт-Петербург
_f2017
_9580194
_3RU\NLR\AUTH\880458604
712 0 1 _4557
_aСанкт-Петербург
_bКомитет по градостроительству и архитектуре
_9580187
_3RU\NLR\AUTH\880458601
942 _cBOOK
980 _aNBR
980 _aNB